[Event "Olympiad-43"]
[Site "Batumi"]
[Date "2018.09.30"]
[Round "6.54"]
[White "Ghanem, Al Shamari"]
[Black "Kabilov, Amin"]
[Result "0-1"]
[WhiteElo "1840"]
[BlackElo "2178"]
[PlyCount "68"]
[EventDate "2018.09.24"]
[EventType "team-swiss"]
[EventRounds "11"]
[EventCountry "GEO"]
[SourceTitle "CBM 187"]
[Source "ChessBase"]
[SourceDate "2018.12.11"]
[SourceVersion "1"]
[SourceVersionDate "2018.12.11"]
[SourceQuality "1"]
[WhiteTeam "Qatar"]
[BlackTeam "Tajikistan"]
[WhiteTeamCountry "QAT"]
[BlackTeamCountry "TJK"]

1. d4 Nf6 2. Bf4 c5 3. e3 Qb6 4. Nc3 d6 5. Nf3 Bd7 6. Rb1 g6 7. Be2 Bg7 8. 0-0 0-0 9. h3 cxd4 10. exd4 Bf5 11. g4 Bd7 12. Qd2 Rc8 13. Rfe1 Nc6 14. Bf1 d5 15. g5 Ne4 16. Nxe4 dxe4 17. Rxe4 Bf5 18. Ree1 Nxd4 19. Nxd4 Bxd4 20. Bd3 Bxh3 21. Rxe7 Re8 22. Rbe1 Rxe7 23. Rxe7 Bc5 24. Be3 Rd8 25. Bxc5 Qxc5 26. Qe3 Qd5 27. f3 Be6 28. Kf2 Rc8 29. Be4 Qxa2 30. Rxb7 a5 31. Qb6 Qc4 32. Qxa5 Qd4+ 33. Kg2 Qe3 34. Qe5 Rxc2+ 0-1